00201nam a2200085Ia 450000100070000000500170000700800410002424500290006526000210009480696420250826171222.0250824s9999 xx 000 0 und d 0aYUVAcMARILYNNE ROBINSON bKYRHOS YAYINLARI